| 000 | 00757nam a2200253Ia 4500 | ||
|---|---|---|---|
| 003 | OSt | ||
| 005 | 20220925205744.0 | ||
| 006 | a|||||r|||| 00| 0 | ||
| 007 | ta | ||
| 008 | 220923b |||||||| |||| 00| 0 eng d | ||
| 020 | _a082481147X | ||
| 037 | _cGeneral Book | ||
| 040 |
_aRTL _cRTL _beng |
||
| 041 |
_2eng _aeng |
||
| 082 | _aY:34.9358.N3, N1 | ||
| 100 |
_aMonberg Torben _9270939 |
||
| 245 | 0 | _aBellona island beliefs and rituals | |
| 260 |
_aHonolulu _bUniversity of Hawaii Press _c1991 |
||
| 300 |
_axix,449p _ccm. |
||
| 490 | _aPacific Islands Monograph Series , 9 | ||
| 500 | _aBibliography : P 437-442; Appendix : P 413-435 | ||
| 942 |
_hY:34.9358.N3, N1 _cGB _2CC |
||
| 999 |
_c553107 _d553107 |
||